| 000 | 01342nam a2200349Ia 4500 | ||
|---|---|---|---|
| 001 | ebr10594845 | ||
| 003 | CaPaEBR | ||
| 006 | m u | ||
| 007 | cr cn||||||||| | ||
| 008 | 040330s2004 nyu sb s001 0 eng d | ||
| 010 | _z 2004045441 | ||
| 020 | _z0791460959 (alk. paper) | ||
| 020 | _z0791460967 (pbk. : alk. paper) | ||
| 020 | _z9780791460955 | ||
| 020 | _z9780791485040 | ||
| 040 |
_aCaPaEBR _cCaPaEBR |
||
| 035 | _a(OCoLC)62751479 | ||
| 050 | 1 | 4 |
_aBP173.4 _b.A45 2004eb |
| 082 | 0 | 4 |
_a297/.082 _222 |
| 100 | 1 | _aAli, Syed Mohammed. | |
| 245 | 1 | 4 |
_aThe position of women in Islam _h[electronic resource] : _ba progressive view / _cMohammad Ali Syed. |
| 260 |
_aAlbany : _bState University of New York Press, _cc2004. |
||
| 300 | _axiv, 135 p. | ||
| 504 | _aIncludes bibliographical references (p. 127-130) and index. | ||
| 533 |
_aElectronic reproduction. _bPalo Alto, Calif. : _cebrary, _d2011. _nAvailable via World Wide Web. _nAccess may be limited to ebrary affiliated libraries. |
||
| 650 | 0 | _aWomen in Islam. | |
| 650 | 0 | _aWomen in the Hadith. | |
| 650 | 0 |
_aWomen's rights _xReligious aspects _xIslam. |
|
| 655 | 7 |
_aElectronic books. _2local |
|
| 710 | 2 | _aebrary, Inc. | |
| 856 | 4 | 0 |
_uhttp://site.ebrary.com/lib/rucke/Doc?id=10594845 _zAn electronic book accessible through the World Wide Web; click to view |
| 999 |
_c112323 _d112323 |
||